ბათუმის შოთა რუსთაველის სახელმწიფო უნივერსიტეტის ბიბლიოთეკა

კომუნიზმი : (ბიბ.ჩანაწერი № 62125)

000 -ლიდერი
ფიქსირებული სიგრძის საკონტროლო ველი 01118nam a22002297a 4500
003 - საკონტროლო ნომრის იდენტიფიკატორი
საკონტროლო ველი Ge_BSU
005 - ბოლო ოპერაციის თარიღი და დრო
საკონტროლო ველი 20240717140923.0
008 - ფიქსირებული სიგრძის მონაცემთა ელემენტები - ზოგადი ინფორმაცია
ფიქსირებული სიგრძის საკონტროლო ველი 240717s2023 ge ||||| |||| 00| 0 geo d
020 ## - წიგნის საერთაშორისო სტანდარტული ნომერი
International Standard Book Number 9789941316920
041 ## - ენის კოდი
Language code of text/sound track or separate title geo
080 ## - უნივერსალური ათობითი კლასიფიკაციის ინდექსი
Universal Decimal Classification number 32(470)+94(470)პ-14
100 ## - მთავარი ჩანაწერი - პიროვნების სახელი
Personal name პაიპსი, რიჩარდ.
Relator term ავტორი
9 (RLIN) 22855
245 ## - ცნობა სათაურის შესახებ
Title კომუნიზმი :
Remainder of title ისტორია /
Statement of responsibility, etc რიჩარდ პაიპსი,ინგლ.თარგმნ. ლევან ღამბაშიძემ, რედ: ნატო გორდელაძე, მარიამ ხადური
264 ## - წარმოების, გამოცემის, დისტრიბუციის და სხვა ცნობები
გამოცემის, წარმოების, დისტრიბუციის... ადგილი თბილისი:
გამოცემის, წარმოების, დისტრიბუციის... სახელწოდება ინტელექტი,
გამოცემის, წარმოების, დისტრიბუციის... თარიღი 2023.
300 ## - ფიზიკური აღწერა
Extent 258 გვ:.
Other physical details 19 სმ.
653 ## - INDEX TERM--UNCONTROLLED
Uncontrolled term პოლიტიკა
653 ## - INDEX TERM--UNCONTROLLED
Uncontrolled term ისტორია
700 ## - ADDED ENTRY--PERSONAL NAME
Personal name ღამბაშიძე, ლევან
Relator term მთარგმნელი
9 (RLIN) 22856
700 ## - ADDED ENTRY--PERSONAL NAME
Personal name გორდელაძე, ნატო
Relator term რედაქტორი
9 (RLIN) 22857
700 ## - ADDED ENTRY--PERSONAL NAME
Personal name ხადური, მარიამ
Relator term რედაქტორი
9 (RLIN) 22858
942 ## - ADDED ENTRY ELEMENTS (KOHA)
Source of classification or shelving scheme
Koha item type წიგნი
ეგზემპლარები
ჩამოწერის სტატუსი დაკარგული ეგზემპლარის სტატუსი კლასიფიკაციის წყარო ან თაროზე გაწყობის სქემა დაზიანების სტატუსი არ გაიცემა მუდმივი მდებარეობა (დაცვის ადგილი) ამჟამინდელი ადგილსამყოფელი თაროზე განთავსების ადგილი შეძენის თარიღი ღირებულება, შესყიდვის ნორმალური ფასი სრული შენახვის შიფრი შტრიხკოდი ბოლო ოპერაციის თარიღი ეგზემპლარის მიმდევრობითი ნომერი (კეტერი?) ფასის ძალაში შესვლის თარიღი ეგზემპლარის სახეობა საჯარო შენიშვნა
          ბათუმის შოთა რუსთაველის სახელმწიფო უნივერსიტეტის მთავარი ბიბლიოთეკა ბათუმის შოთა რუსთაველის სახელმწიფო უნივერსიტეტის მთავარი ბიბლიოთეკა წიგნსაცავი 2024-07-17 15.00 32(470)+94(470)პ-14 68769 2024-07-17 68769 2024-07-17 წიგნი 15ლ.40თ.